MARC

LEADER 00000nam0a2200000 4500
001 23804
005 20231101205555.0
010 |a 5020180661 
035 |a (RuTPU)RU\TPU\book\24029 
035 |a BOOK00024102 
090 |a 23804 
100 |a 20011209e2000 k y0rusy50 ca 
101 1 |a rus  |c bur  |c chi 
102 |a RU 
105 |a y z 000zb 
200 1 |a Запись у алтаря о примирении Конфуция  |f Изд. текста, пер. с тангутского, вступ. статья, комментарий и словарь Е. И. Кычанова 
205 |f Факсимиле рукописи. 
210 |a Москва  |c Восточная литература  |d 2000 
215 |a 151 с. 
225 1 |a Памятники письменности Востока  |v CXVII 
600 0 |a Конфуций (Кун-цзы)  |c древнекитайский мыслитель, основатель конфуцианства  |f около 551 - 479 до н.э.  |2 stltpui  |3 (RuTPU)RU\TPU\pers\235  |9 119 
610 1 |a философия 
610 1 |a история 
610 1 |a Восточная философия 
610 1 |a Древний Восток 
610 1 |a Китай 
610 1 |a конфуцианство 
686 |a Т3(5Кит)3  |v LBC/SL-A  |2 rubbk 
686 |a Ю3(5)  |v LBC/SL-A  |2 rubbk 
702 1 |a Кычанов  |b Е. И.  |4 080  |4 730 
801 0 |a RU  |b 63413507  |c 20011209  |g PSBO 
801 2 |a RU  |b 63413507  |c 20130417  |g PSBO 
942 |c BK